[Event "Deutscher Jugend Online Cup 2020"]
[Site "Tornelo"]
[Date "2020.11.14"]
[Round "1.3"]
[White "Marcziter, Alex"]
[Black "N_____, L_____"]
[Result "1-0"]
[WhiteElo "1401"]
[BlackElo "1714"]
[Annotator "NA RC"]
[PlyCount "95"]
[EventDate "2020.11.13"]
[EventType "k.o."]
[SourceTitle "playchess.com"]
[Source "ChessBase"]
[SourceQuality "1"]
[TimeControl "600+3"]

1. e4 {[%emt 0:00:00]} e5 {[%emt 0:00:07]} 2. Nf3 {[%emt 0:00:05]} Nc6 {[%emt 0:00:02]} 3. Bc4 {[%emt 0:00:03]} Nf6 {[%emt 0:00:03]} 4. Ng5 {[%emt 0:00:04]} d5 {[%emt 0:00:02]} 5. exd5 {[%emt 0:00:01]} Na5 {[%emt 0:00:01]} 6. Bb5+ {[%emt 0:00:02]} c6 {[%emt 0:00:01]} 7. dxc6 {[%emt 0:00:02]} bxc6 {[%emt 0:00:02]} 8. Be2 {[%emt 0:00:02]} h6 {[%emt 0:00:02]} 9. Nf3 {[%emt 0:00:03]} e4 {[%emt 0:00:02]} 10. Ne5 {[%emt 0:00:02]} Bc5 {[%emt 0:00:01]} 11. O-O {[%emt 0:00:09]} O-O {[%emt 0:00:09]} 12. Ng4 {[%emt 0:01:35]} Nxg4 {[%emt 0:00:14]} 13. Bxg4 {[%emt 0:00:03]} Bxg4 {[%emt 0:00:02]} 14. Qxg4 {[%emt 0:00:03]} f5 {[%emt 0:00:08]} 15. Qe2 {[%emt 0:01:12]} Qe7 {[%emt 0:04:56]} 16. Nc3 {[%emt 0:01:03]} Rae8 {[%emt 0:00:34]} 17. d3 {[%emt 0:01:08]} exd3 {[%emt 0:00:24]} 18. Qxd3 {[%emt 0:00:11]} f4 {[%emt 0:00:13]} 19. Qf3 {[%emt 0:01:00]} g5 {[%emt 0:01:36]} 20. Bd2 {[%emt 0:00:49]} Qd7 {[%emt 0:00:50]} 21. Rad1 {[%emt 0:01:25]} g4 {[%emt 0:00:15]} 22. Bc1 {[%emt 0:01:00]} Qg7 {[%emt 0:00:46]} 23. Qd3 {[%emt 0:00:17]} g3 {[%emt 0:00:06]} 24. b3 {[%emt 0:00:35]} gxf2+ {[%emt 0:00:07]} 25. Kh1 {[%emt 0:00:03]} Kh8 {[%emt 0:00:15]} 26. Bb2 {[%emt 0:00:03]} Be7 {[%emt 0:00:09]} 27. Rb1 {[%emt 0:00:07]} Bf6 {[%emt 0:00:02]} 28. Nd1 {[%emt 0:00:04]} Bxb2 {[%emt 0:00:04]} 29. Nxb2 {[%emt 0:00:01]} Rg8 {[%emt 0:00:01]} 30. Rxf2 {[%emt 0:00:03]} Qe7 {[%emt 0:00:03]} 31. h3 {[%emt 0:00:03]} Rg7 {[%emt 0:00:03]} 32. Rbf1 {[%emt 0:00:04]} Reg8 {[%emt 0:00:02]} 33. Nc4 {[%emt 0:00:03]} Nxc4 {[%emt 0:00:02]} 34. Qxc4 {[%emt 0:00:01]} Qg5 {[%emt 0:00:06]} 35. Qxf4 {[%emt 0:00:04]} Qxf4 {[%emt 0:00:02]} 36. Rxf4 {[%emt 0:00:02]} Rxg2 {[%emt 0:00:01]} 37. Rf8 {[%emt 0:00:03]} Rxf8 {[%emt 0:00:03]} 38. Rxf8+ {[%emt 0:00:02]} Kg7 {[%emt 0:00:01]} 39. Kxg2 {[%emt 0:00:01]} Kxf8 {[%emt 0:00:02]} 40. c4 {[%emt 0:00:03]} Kf7 {[%emt 0:00:01]} 41. Kf3 {[%emt 0:00:01]} Ke6 {[%emt 0:00:02]} 42. Ke4 {[%emt 0:00:02]} h5 {[%emt 0:00:02]} 43. b4 {[%emt 0:00:02]} a6 {[%emt 0:00:01]} 44. a4 {[%emt 0:00:01]} Kf6 {[%emt 0:00:04]} 45. Kd4 {[%emt 0:00:03]} Ke6 {[%emt 0:00:02]} 46. Kc5 {[%emt 0:00:03]} Kd7 {[%emt 0:00:02]} 47. b5 {[%emt 0:00:06]} a5 {[%emt 0:00:02]} 48. b6 {[%emt 0:00:03]} 1-0

[Event "Deutscher Jugend Online Cup 2020"]
[Site "Tornelo"]
[Date "2020.11.14"]
[Round "1.3"]
[White "Woiteck, Sophia"]
[Black "Trunz, Tamila"]
[Result "0-1"]
[WhiteElo "1285"]
[BlackElo "1379"]
[Annotator "NA RC"]
[PlyCount "158"]
[EventDate "2020.11.13"]
[EventType "k.o."]
[SourceTitle "playchess.com"]
[Source "ChessBase"]
[SourceQuality "1"]
[TimeControl "600+3"]

1. d4 {[%emt 0:00:00]} d5 {[%emt 0:00:03]} 2. Bf4 {[%emt 0:00:04]} Bf5 {[%emt 0:00:06]} 3. Nf3 {[%emt 0:00:04]} Nf6 {[%emt 0:00:05]} 4. e3 {[%emt 0:00:03]} e6 {[%emt 0:00:05]} 5. Bd3 {[%emt 0:00:04]} Bxd3 {[%emt 0:00:05]} 6. Qxd3 {[%emt 0:00:03]} Nbd7 {[%emt 0:00:03]} 7. Nbd2 {[%emt 0:00:04]} c6 {[%emt 0:00:08]} 8. c3 {[%emt 0:00:02]} Be7 {[%emt 0:00:05]} 9. h3 {[%emt 0:00:13]} O-O {[%emt 0:00:03]} 10. O-O {[%emt 0:00:03]} c5 {[%emt 0:00:05]} 11. Rfe1 {[%emt 0:00:24]} Rc8 {[%emt 0:00:06]} 12. b3 {[%emt 0:00:06]} b6 {[%emt 0:00:09]} 13. Rac1 {[%emt 0:00:24]} cxd4 {[%emt 0:00:07]} 14. exd4 {[%emt 0:00:03]} Nh5 {[%emt 0:00:16]} 15. Bh2 {[%emt 0:00:05]} Ndf6 {[%emt 0:00:06]} 16. Ne5 {[%emt 0:00:05]} Bd6 {[%emt 0:00:16]} 17. Qf3 {[%emt 0:00:15]} g6 {[%emt 0:00:53]} 18. Qe3 {[%emt 0:00:31]} Ng7 {[%emt 0:00:07]} 19. g4 {[%emt 0:00:38]} Nd7 {[%emt 0:00:21]} 20. Qh6 {[%emt 0:00:42]} Qc7 {[%emt 0:00:19]} 21. Ndf3 {[%emt 0:00:06]} f6 {[%emt 0:00:09]} 22. Nxd7 {[%emt 0:00:21]} Bxh2+ {[%emt 0:00:09]} 23. Nxh2 {[%emt 0:00:03]} Qxd7 {[%emt 0:00:03]} 24. Qf4 {[%emt 0:00:11]} Rc6 {[%emt 0:00:07]} 25. Nf3 {[%emt 0:00:10]} Qc8 {[%emt 0:00:13]} 26. Re3 {[%emt 0:00:15]} a6 {[%emt 0:00:14]} 27. h4 {[%emt 0:00:06]} e5 {[%emt 0:00:21]} 28. dxe5 {[%emt 0:00:16]} fxe5 {[%emt 0:00:04]} 29. Qg5 {[%emt 0:00:18]} e4 {[%emt 0:00:09]} 30. Qxd5+ {[%emt 0:00:05]} Ne6 {[%emt 0:00:17]} 31. Nd4 {[%emt 0:00:04]} Rd8 {[%emt 0:00:21]} 32. Qxc6 {[%emt 0:00:04]} Nxd4 {[%emt 0:00:23]} 33. Qxc8 {[%emt 0:00:12]} Rxc8 {[%emt 0:00:04]} 34. Rxe4 {[%emt 0:00:06]} Nf3+ {[%emt 0:00:05]} 35. Kg2 {[%emt 0:00:03]} Nxh4+ {[%emt 0:00:06]} 36. Kg3 {[%emt 0:00:02]} g5 {[%emt 0:00:06]} 37. Re5 {[%emt 0:00:02]} h6 {[%emt 0:00:04]} 38. Re6 {[%emt 0:00:06]} Kg7 {[%emt 0:00:22]} 39. Rxb6 {[%emt 0:00:02]} Rf8 {[%emt 0:00:05]} 40. Rc2 {[%emt 0:00:11]} Rf3+ {[%emt 0:00:30]} 41. Kh2 {[%emt 0:00:03]} Rf4 {[%emt 0:00:13]} 42. Kh3 {[%emt 0:00:17]} Rf3+ {[%emt 0:00:10]} 43. Kh2 {[%emt 0:00:02]} Rf4 {[%emt 0:00:07]} 44. Rd2 {[%emt 0:00:03]} Nf3+ {[%emt 0:00:04]} 45. Kg2 {[%emt 0:00:18]} Nxd2 {[%emt 0:00:02]} 46. Rd6 {[%emt 0:00:03]} Nb1 {[%emt 0:00:07]} 47. Rd1 {[%emt 0:00:04]} Nxc3 {[%emt 0:00:03]} 48. Rd6 {[%emt 0:00:04]} Rxg4+ {[%emt 0:00:07]} 49. Kf3 {[%emt 0:00:05]} Rf4+ {[%emt 0:00:03]} 50. Ke3 {[%emt 0:00:03]} Nxa2 {[%emt 0:00:03]} 51. Rxa6 {[%emt 0:00:04]} Nb4 {[%emt 0:00:03]} 52. Ra4 {[%emt 0:00:03]} Nc2+ {[%emt 0:00:06]} 53. Kd3 {[%emt 0:00:03]} Rxf2 {[%emt 0:00:06]} 54. Rc4 {[%emt 0:00:08]} Ne1+ {[%emt 0:00:09]} 55. Ke3 {[%emt 0:00:04]} Rc2 {[%emt 0:00:03]} 56. Rxc2 {[%emt 0:00:04]} Nxc2+ {[%emt 0:00:02]} 57. Kd3 {[%emt 0:00:02]} Nb4+ {[%emt 0:00:07]} 58. Kc4 {[%emt 0:00:02]} Nc6 {[%emt 0:00:02]} 59. Kc5 {[%emt 0:00:01]} Na5 {[%emt 0:00:17]} 60. b4 {[%emt 0:00:03]} Nb7+ {[%emt 0:00:06]} 61. Kc6 {[%emt 0:00:02]} Nd8+ {[%emt 0:00:05]} 62. Kc7 {[%emt 0:00:01]} Ne6+ {[%emt 0:00:03]} 63. Kc6 {[%emt 0:00:05]} Kf6 {[%emt 0:00:06]} 64. b5 {[%emt 0:00:02]} Nd4+ {[%emt 0:00:03]} 65. Kc5 {[%emt 0:00:07]} Nxb5 {[%emt 0:00:02]} 66. Kxb5 {[%emt 0:00:01]} g4 {[%emt 0:00:07]} 67. Kc4 {[%emt 0:00:02]} g3 {[%emt 0:00:03]} 68. Kd5 {[%emt 0:00:02]} g2 {[%emt 0:00:03]} 69. Ke4 {[%emt 0:00:02]} g1=Q {[%emt 0:00:03]} 70. Kd5 {[%emt 0:00:03]} Qe1 {[%emt 0:00:04]} 71. Kc4 {[%emt 0:00:02]} Qd1 {[%emt 0:00:03]} 72. Kc5 {[%emt 0:00:02]} Ke5 {[%emt 0:00:03]} 73. Kc6 {[%emt 0:00:01]} Qd6+ {[%emt 0:00:04]} 74. Kb5 {[%emt 0:00:01]} Qc7 {[%emt 0:00:02]} 75. Kb4 {[%emt 0:00:04]} Kd4 {[%emt 0:00:02]} 76. Kb3 {[%emt 0:00:03]} Qc3+ {[%emt 0:00:04]} 77. Ka4 {[%emt 0:00:01]} Qb2 {[%emt 0:00:02]} 78. Ka5 {[%emt 0:00:02]} Kc5 {[%emt 0:00:03]} 79. Ka6 {[%emt 0:00:01]} Qb6# {[%emt 0:00:03]} 0-1

[Event "Deutscher Jugend Online Cup 2020"]
[Site "Tornelo"]
[Date "2020.11.14"]
[Round "1.3"]
[White "Lorenz, Veronika"]
[Black "Trunz, Michelle"]
[Result "0-1"]
[WhiteElo "1261"]
[BlackElo "1673"]
[Annotator "NA RC"]
[PlyCount "74"]
[EventDate "2020.11.13"]
[EventType "k.o."]
[SourceTitle "playchess.com"]
[Source "ChessBase"]
[SourceQuality "1"]
[TimeControl "600+3"]

1. e4 {[%emt 0:00:00]} c5 {[%emt 0:00:04]} 2. Nf3 {[%emt 0:00:12]} d6 {[%emt 0:00:02]} 3. d4 {[%emt 0:00:02]} cxd4 {[%emt 0:00:01]} 4. Nxd4 {[%emt 0:00:03]} Nf6 {[%emt 0:00:02]} 5. Nc3 {[%emt 0:00:02]} a6 {[%emt 0:00:01]} 6. Be3 {[%emt 0:00:04]} e5 {[%emt 0:00:18]} 7. Nb3 {[%emt 0:00:06]} Be6 {[%emt 0:00:03]} 8. Qd2 {[%emt 0:00:10]} Be7 {[%emt 0:00:10]} 9. O-O-O {[%emt 0:00:26]} Qc7 {[%emt 0:00:07]} 10. Nd5 {[%emt 0:00:09]} Bxd5 {[%emt 0:00:39]} 11. exd5 {[%emt 0:00:05]} Nbd7 {[%emt 0:00:02]} 12. Kb1 {[%emt 0:00:06]} O-O {[%emt 0:00:08]} 13. Be2 {[%emt 0:00:33]} Rfc8 {[%emt 0:00:27]} 14. g4 {[%emt 0:00:39]} a5 {[%emt 0:00:22]} 15. g5 {[%emt 0:00:22]} Ne4 {[%emt 0:00:09]} 16. Qd3 {[%emt 0:01:22]} Nec5 {[%emt 0:00:21]} 17. Nxc5 {[%emt 0:00:34]} Nxc5 {[%emt 0:00:04]} 18. Bxc5 {[%emt 0:00:05]} Qxc5 {[%emt 0:00:02]} 19. h4 {[%emt 0:01:16]} a4 {[%emt 0:00:38]} 20. Rhg1 {[%emt 0:01:08]} g6 {[%emt 0:00:25]} 21. h5 {[%emt 0:00:23]} a3 {[%emt 0:00:52]} 22. b3 {[%emt 0:00:26]} Kg7 {[%emt 0:01:43]} 23. Rg2 {[%emt 0:01:01]} b5 {[%emt 0:00:28]} 24. Rh1 {[%emt 0:00:05]} Qc3 {[%emt 0:00:56]} 25. Qxc3 {[%emt 0:00:25]} Rxc3 {[%emt 0:00:03]} 26. Bxb5 {[%emt 0:00:12]} Rc5 {[%emt 0:00:29]} 27. Bd3 {[%emt 0:00:27]} Rh8 {[%emt 0:00:27]} 28. Bc4 {[%emt 0:00:05]} Rb8 {[%emt 0:00:23]} 29. hxg6 {[%emt 0:00:07]} Rxc4 {[%emt 0:01:19]} 30. Rxh7+ {[%emt 0:00:32]} Kxg6 {[%emt 0:00:06]} 31. Rgh2 {[%emt 0:00:03]} Bxg5 {[%emt 0:00:10]} 32. R7h5 {[%emt 0:00:14]} f6 {[%emt 0:00:07]} 33. R5h3 {[%emt 0:00:02]} Rcc8 {[%emt 0:00:04]} 34. Rh7 {[%emt 0:00:04]} Rb5 {[%emt 0:00:05]} 35. c4 {[%emt 0:00:12]} Rb6 {[%emt 0:00:03]} 36. Rd7 {[%emt 0:00:02]} Rxc4 {[%emt 0:00:05]} 37. Rhh7 {[%emt 0:00:03]} Rc1# {[%emt 0:00:03]} 0-1

[Event "Deutscher Jugend Online Cup 2020"]
[Site "Tornelo"]
[Date "2020.11.14"]
[Round "2.1"]
[White "Laux, Dominik"]
[Black "Hommer, Jeremy"]
[Result "1/2-1/2"]
[WhiteElo "2085"]
[BlackElo "2180"]
[Annotator "TA"]
[PlyCount "87"]
[EventDate "2020.11.13"]
[EventType "k.o."]
[SourceTitle "playchess.com"]
[Source "ChessBase"]
[SourceQuality "1"]

{[%evp 16,87,22,25,69,66,94,56,100,66,52,57,56,50,69,16,45,0,63,-21,51,0,98,108,231,0,-7,-70,134,0,0,0,0,0,0,0,0,-7,-8,-8,0,0,0,0,0,0,0,0,0,-25,0,0,-5,-169,-170,-168,-156,-151,-139,-253,-253,-272,-262,-220,-137,-146,-21,-20,-17,-17,-17,-17,-17,-17]} 1. d4 Nf6 2. Bg5 Ne4 3. Bf4 c5 4. f3 Qa5+ 5. c3 Nf6 6. d5 Qb6 7. Bc1 e6 8. e4 $1 {8.e4 is better than 8.c4.} exd5 9. exd5 Qd6 {A45: Trompowsky Attack.} 10. c4 {[#]} g6 $146 ({Predecessor:} 10... Qe5+ 11. Kf2 Bd6 12. Nc3 Qh5 13. h4 Qe5 14. Nh3 Qg3+ 15. Kg1 O-O 16. Nf4 Bxf4 17. Ne2 {1-0 (41) Charochkina,D (2352)-Shafigullina,Z (2332) Izhevsk 2019}) 11. Bd3 Bg7 {White is slightly better.} 12. Ne2 O-O 13. Nbc3 a6 14. O-O Qc7 15. f4 (15. b3 $14) 15... d6 16. Qe1 Nbd7 (16... b5 $11) 17. Qh4 (17. a4 $1 $14) 17... Re8 (17... b5 $1 $11) 18. Ng3 (18. a4 $1 $14) 18... Rb8 (18... Qd8 $11 {remains equal.}) 19. f5 $1 $16 Ne5 (19... b5 $16 {might work better.}) 20. Be2 $2 (20. Bg5 $18) 20... gxf5 $1 $11 21. Nxf5 (21. Bh6 $11 Ng6 22. Qg5) 21... Ng6 $2 {[#]} (21... Bxf5 $15 {keeps the upper hand.} 22. Rxf5 Ng6) 22. Qf2 (22. Nh6+ $1 $16 Kh8 23. Qg5 Bxh6 24. Qxh6 (24. Qxf6+ Bg7 $11)) 22... Bxf5 23. Qxf5 Qd7 24. Qf3 {aiming for Bg5.} Re5 25. Bd3 Rbe8 26. Bd2 Qg4 {next ...Qd4+ is good for Black.} 27. Qf2 Qd4 28. Qxd4 cxd4 29. Nd1 Ne4 30. Bxe4 Rxe4 31. Nf2 Re2 $36 {[%mdl 2048] Black has the initiative.} 32. Rad1 Ne5 33. b3 b5 34. Bf4 $2 (34. cxb5 $1 $11 axb5 35. Rfe1 Rxd2 36. Rxd2) 34... bxc4 $19 {White must now prevent ...c3.} 35. Bxe5 Bxe5 36. bxc4 Rxa2 37. Ra1 (37. Nd3 $17 {was called for.}) 37... Rxa1 38. Rxa1 {[%mdl 4096] Endgame [#] KRB-KRN} d3 $1 {[%mdl 512]} 39. Rd1 (39. Nxd3 Bxa1) 39... Bd4 {Strongly threatening ...Re2.} 40. Kf1 Bxf2 (40... Rc8 $17 41. Rxd3 Rxc4) 41. Kxf2 $11 {The position is equal.} Re2+ 42. Kf3 Rc2 43. Rxd3 Rxc4 44. Ra3 {White used his chance.  Weighted Error Value: White=0.45/Black=0.38} 1/2-1/2

[Event "Deutscher Jugend Online Cup 2020"]
[Site "Tornelo"]
[Date "2020.11.14"]
[Round "2.1"]
[White "von Mettenheim, Johannes"]
[Black "Ermitsch, Magnus"]
[Result "1-0"]
[WhiteElo "1995"]
[BlackElo "1939"]
[Annotator "TA"]
[PlyCount "71"]
[EventDate "2020.11.13"]
[EventType "k.o."]
[SourceTitle "playchess.com"]
[Source "ChessBase"]
[SourceQuality "1"]

{[%evp 14,71,13,3,21,22,21,28,55,47,54,34,20,34,33,35,39,47,82,67,126,126,133,59,100,106,179,170,164,168,244,207,323,281,270,209,341,335,356,343,341,349,342,346,418,384,846,816,1253,1242,1468,1456,1439,1422,2092,1978,29992,29985,29984,2087]} 1. d4 Nf6 2. c4 e6 3. g3 d5 4. Bg2 Be7 5. Nf3 O-O 6. Nc3 c6 7. O-O Nbd7 8. Nd2 Re8 {E07: Closed Catalan: Main Line (5 Nf3 0-0 6 0-0 Nbd7).} 9. e4 dxe4 10. Ndxe4 e5 {[#] White has an edge.} 11. d5 $146 ({Predecessor:} 11. Nxf6+ Bxf6 12. d5 cxd5 13. Nxd5 Nb6 14. Nxf6+ Qxf6 15. c5 Nd7 16. Qc2 Nf8 17. Be3 {1-0 (32) Forato,E (2090)-Chiarion,E (1908) Montebelluna 2009}) 11... cxd5 12. Nxd5 Nxe4 13. Bxe4 Nc5 14. Bg2 Bf5 15. Be3 Ne6 16. Qf3 Bd3 ({Black should try} 16... Bg6 $14) 17. Rfd1 $16 e4 {[#]} 18. Qg4 (18. Qf5 $1 $16) 18... Nc5 19. b4 $36 {[%mdl 2048] White has strong initiative.} Ne6 (19... Nd7 $16 {was worth a try.}) 20. Bxe4 $18 Bxe4 21. Qxe4 Bf6 (21... Bg5 $142 22. Re1 Nf4) 22. Rac1 Ng5 (22... Bg5 {is a better defense.} 23. Bxg5 Nxg5) 23. Qf5 Ne4 24. Bf4 {And now Nc7 would win.} g6 (24... Qc8 $142 25. Qxc8 Raxc8) 25. Qg4 h5 26. Qf3 {Threatens to win with Re1.} Ng5 27. Qg2 {Hoping for Bc7.} Ne6 {[#]} 28. Nc7 $1 {[%mdl 576] Discovered Attack} Nxf4 (28... Nxc7 29. Rxd8) 29. Rxd8 Ne2+ $2 (29... Bxd8 30. gxf4 (30. Nxa8 Nxg2 31. Kxg2 Bg5 $11) 30... Bxc7 31. Qxb7 Bxf4) 30. Kf1 Raxd8 31. Nxe8 Nxc1 32. Nxf6+ Kg7 33. Nd5 f6 34. Qe4 {White wants to mate with Qe7+!} Kh6 35. Qe3+ g5 {[#]} 36. Qxc1 {Weighted Error Value: White=0.13/Black=0.62} (36. Qe7 $142 $1 Rxd5 37. cxd5 Nxa2 38. Qxf6+ Kh7 39. Qxg5 b6 40. d6 Nxb4 41. d7) 1-0

[Event "Deutscher Jugend Online Cup 2020"]
[Site "Tornelo"]
[Date "2020.11.14"]
[Round "2.1"]
[White "Becker, Linda"]
[Black "Wagner, Margarethe"]
[Result "1-0"]
[WhiteElo "1763"]
[BlackElo "1841"]
[Annotator "NA RC"]
[PlyCount "137"]
[EventDate "2020.11.13"]
[EventType "k.o."]
[SourceTitle "playchess.com"]
[Source "ChessBase"]
[SourceQuality "1"]
[TimeControl "600+3"]

1. e4 {[%emt 0:00:00]} c5 {[%emt 0:00:02]} 2. Nf3 {[%emt 0:00:06]} d6 {[%emt 0:00:03]} 3. d4 {[%emt 0:00:03]} cxd4 {[%emt 0:00:02]} 4. Qxd4 {[%emt 0:00:02]} Nc6 {[%emt 0:00:03]} 5. Bb5 {[%emt 0:00:02]} Bd7 {[%emt 0:00:07]} 6. Bxc6 {[%emt 0:00:03]} Bxc6 {[%emt 0:00:02]} 7. c4 {[%emt 0:00:01]} Nf6 {[%emt 0:00:04]} 8. Nc3 {[%emt 0:00:03]} e5 {[%emt 0:00:23]} 9. Qd3 {[%emt 0:00:14]} Be7 {[%emt 0:00:07]} 10. O-O {[%emt 0:00:02]} O-O {[%emt 0:00:03]} 11. b3 {[%emt 0:00:04]} a6 {[%emt 0:00:11]} (11... Nxe4 $5 12. Nxe4 f5 $11) 12. Bb2 {[%emt 0:00:07]} Rb8 {[%emt 0:00:11]} 13. a4 {[%emt 0:00:16]} Nh5 {[%emt 0:00:42]} 14. Rad1 {[%emt 0:00:34]} Nf4 {[%emt 0:00:09]} 15. Qc2 {[%emt 0:00:10]} Qc7 {[%emt 0:00:13]} 16. Ba3 {[%emt 0:00:17]} b5 {[%emt 0:00:26]} 17. axb5 {[%emt 0:00:26]} axb5 {[%emt 0:00:05]} 18. Nd5 {[%emt 0:00:33]} (18. Bc1 $11) 18... Bxd5 {[%emt 0:00:12] Pin} 19. exd5 {[%emt 0:00:09]} bxc4 {[%emt 0:00:23]} 20. bxc4 {[%emt 0:00:09]} Rfc8 {[%emt 0:00:17]} 21. Rb1 {[%emt 0:00:21]} Ra8 {[%emt 0:00:22]} 22. Qb3 {[%emt 0:00:42]} Qxc4 {[%emt 0:00:22]} 23. Qb7 {[%emt 0:00:27]} (23. Qxc4 $17 Rxc4 {[#]} 24. Nxe5 $1 {[%mdl 512]} dxe5 25. Bxe7) 23... Rxa3 {[%emt 0:00:56]} ({Don't do} 23... Qxd5 24. Qxd5 Nxd5 25. Rb3) 24. Qxe7 {[%emt 0:00:28]} Ne2+ {[%emt 0:00:33]} 25. Kh1 {[%emt 0:00:06]} Rxf3 {[%emt 0:00:29]} 26. gxf3 {[%emt 0:00:11] [#]} Qxd5 {[%emt 0:00:03]} (26... Qc3 $1 $19 {[%cal Rc3f3] is more deadly.} 27. Qg5 Nf4) 27. Qb7 {[%emt 0:00:15] [#]} Qc4 {[%emt 0:00:41]} (27... Qe6 $1 $17 28. Rfd1 Re8) 28. Rfe1 {[%emt 0:00:19]} Rf8 {[%emt 0:00:40]} 29. Qe4 {[%emt 0:00:12]} Qxe4 {[%emt 0:00:06]} 30. fxe4 {[%emt 0:00:01]} Nd4 {[%emt 0:00:07]} 31. Rb6 {[%emt 0:00:09]} Rd8 {[%emt 0:00:03]} 32. Reb1 {[%emt 0:00:11]} Kf8 {[%emt 0:00:07]} 33. Rb8 {[%emt 0:00:03]} Rxb8 {[%emt 0:00:03]} 34. Rxb8+ {[%emt 0:00:03]} Ke7 {[%emt 0:00:02]} 35. Rb7+ {[%emt 0:00:08]} Ke6 {[%emt 0:00:02]} 36. Kg2 {[%emt 0:00:03]} Ne2 {[%emt 0:00:28]} 37. Kf3 {[%emt 0:00:08]} Nf4 {[%emt 0:00:03]} 38. Rb8 {[%emt 0:00:08]} g6 {[%emt 0:00:16]} 39. Ke3 {[%emt 0:00:11]} f5 {[%emt 0:00:05]} 40. exf5+ {[%emt 0:00:08]} gxf5 {[%emt 0:00:03]} 41. Rh8 {[%emt 0:00:06]} h5 {[%emt 0:00:02]} 42. Rg8 {[%emt 0:00:12]} d5 {[%emt 0:00:14]} 43. f3 {[%emt 0:00:11]} d4+ {[%emt 0:00:04]} 44. Kd2 {[%emt 0:00:05]} e4 {[%emt 0:00:07]} 45. fxe4 {[%emt 0:00:13]} fxe4 {[%emt 0:00:03]} 46. Re8+ {[%emt 0:00:06]} Kf5 {[%emt 0:00:11]} 47. Rf8+ {[%emt 0:00:12]} Kg4 {[%emt 0:00:03]} 48. Rd8 {[%emt 0:00:08]} d3 {[%emt 0:00:03]} 49. Ke3 {[%emt 0:00:06]} Ng2+ {[%emt 0:01:24]} 50. Kxe4 {[%emt 0:00:18]} Ne1 {[%emt 0:00:12]} 51. Ke3 {[%emt 0:00:24]} Kh3 {[%emt 0:00:09]} 52. Rh8 {[%emt 0:00:18]} h4 {[%emt 0:00:09]} 53. Kd2 {[%emt 0:00:03]} Nf3+ {[%emt 0:00:02]} 54. Kxd3 {[%emt 0:00:03]} Nxh2 {[%emt 0:00:01]} 55. Ke4 {[%emt 0:00:04]} Kg3 {[%emt 0:00:06]} 56. Rg8+ {[%emt 0:00:02]} Kf2 {[%emt 0:00:07]} 57. Kf4 {[%emt 0:00:09]} h3 {[%emt 0:00:03]} 58. Rh8 {[%emt 0:00:07]} Kg2 {[%emt 0:00:06]} 59. Rh7 {[%emt 0:00:04]} Nf1 {[%emt 0:00:04]} 60. Rg7+ {[%emt 0:00:06]} Kh1 {[%emt 0:00:06]} 61. Kf3 $11 {[%emt 0:00:07]} Kh2 {[%emt 0:00:12]} 62. Kf2 {[%emt 0:00:09]} Nd2 {[%emt 0:00:04]} 63. Ra7 {[%emt 0:00:09]} Ne4+ {[%emt 0:00:02]} 64. Ke3 {[%emt 0:00:06]} Ng3 {[%emt 0:00:06]} 65. Kf3 {[%emt 0:00:12]} Nf1 {[%emt 0:00:06]} 66. Ra2+ {[%emt 0:00:05]} Kg1 {[%emt 0:00:02]} 67. Rb2 {[%emt 0:00:43]} h2 {[%emt 0:00:14]} 68. Rg2+ {[%emt 0:00:06]} Kh1 {[%emt 0:00:02]} 69. Kf2 {[%emt 0:00:20]} 1-0

[Event "Deutscher Jugend Online Cup 2020"]
[Site "Tornelo"]
[Date "2020.11.14"]
[Round "2.1"]
[White "Goldmann, David"]
[Black "Herrmann, Jakob"]
[Result "1-0"]
[WhiteElo "1644"]
[BlackElo "1515"]
[Annotator "NA RC"]
[PlyCount "93"]
[EventDate "2020.11.13"]
[EventType "k.o."]
[SourceTitle "playchess.com"]
[Source "ChessBase"]
[SourceQuality "1"]
[TimeControl "600+3"]

1. e4 {[%emt 0:05:11]} c6 {[%emt 0:00:07]} 2. d4 {[%emt 0:00:02]} d5 {[%emt 0:00:02]} 3. exd5 {[%emt 0:00:01]} cxd5 {[%emt 0:00:02]} 4. c4 {[%emt 0:00:01]} Nf6 {[%emt 0:00:04]} 5. cxd5 {[%emt 0:00:02]} Nxd5 {[%emt 0:00:02]} 6. Nc3 {[%emt 0:00:01]} Nc6 {[%emt 0:00:03]} 7. Nf3 {[%emt 0:00:04]} Bg4 {[%emt 0:00:05]} 8. Be2 {[%emt 0:00:02]} e6 {[%emt 0:00:03]} 9. h3 {[%emt 0:00:01]} Bh5 {[%emt 0:00:04]} 10. O-O {[%emt 0:00:02]} Bb4 {[%emt 0:00:04]} 11. Nxd5 {[%emt 0:00:03]} Qxd5 {[%emt 0:00:03]} 12. Qa4 {[%emt 0:00:03]} O-O {[%emt 0:00:23]} 13. Be3 {[%emt 0:00:03]} Be7 {[%emt 0:00:12]} 14. Rac1 {[%emt 0:00:09]} Rac8 {[%emt 0:00:11]} 15. Bc4 {[%emt 0:00:33]} Qd7 {[%emt 0:00:15]} 16. Be2 {[%emt 0:00:03]} Rfd8 {[%emt 0:00:08]} 17. Rfd1 {[%emt 0:00:04]} Bf6 {[%emt 0:00:53]} 18. Qb3 {[%emt 0:00:18]} b6 {[%emt 0:01:16]} 19. Ne5 {[%emt 0:00:10]} Bxe5 {[%emt 0:01:18]} 20. dxe5 {[%emt 0:00:04]} Bxe2 {[%emt 0:00:09]} 21. Rxd7 {[%emt 0:00:02]} Rxd7 {[%emt 0:00:02]} 22. Qc2 {[%emt 0:00:24]} Bd3 {[%emt 0:00:09]} 23. Qc3 {[%emt 0:00:06]} Bg6 {[%emt 0:00:31]} 24. b4 {[%emt 0:00:06]} Rdc7 {[%emt 0:00:13]} 25. b5 {[%emt 0:00:03]} Nxe5 {[%emt 0:00:08]} 26. Qxc7 {[%emt 0:00:04]} Rxc7 {[%emt 0:00:03]} 27. Rxc7 {[%emt 0:00:01]} h6 {[%emt 0:00:05]} 28. Rxa7 {[%emt 0:00:04]} Bd3 {[%emt 0:00:09]} 29. a4 {[%emt 0:00:04]} Nc4 {[%emt 0:00:06]} 30. Rb7 {[%emt 0:00:12]} Be4 {[%emt 0:00:04]} 31. Rb8+ {[%emt 0:00:04]} Kh7 {[%emt 0:00:07]} 32. Bxb6 {[%emt 0:00:02]} Bd5 {[%emt 0:00:09]} 33. a5 {[%emt 0:00:03]} Nd6 {[%emt 0:00:04]} 34. a6 {[%emt 0:00:02]} Nxb5 {[%emt 0:00:02]} 35. a7 {[%emt 0:00:11]} Nxa7 {[%emt 0:00:12]} 36. Bxa7 {[%emt 0:00:01]} Kg6 {[%emt 0:00:04]} 37. Rb4 {[%emt 0:00:02]} Kf5 {[%emt 0:00:05]} 38. g4+ {[%emt 0:00:05]} Kg6 {[%emt 0:00:04]} 39. f4 {[%emt 0:00:02]} f5 {[%emt 0:00:06]} 40. Kf2 {[%emt 0:00:05]} Ba2 {[%emt 0:00:10]} 41. Kg3 {[%emt 0:00:02]} Bd5 {[%emt 0:00:02]} 42. Bb6 {[%emt 0:00:05]} Ba2 {[%emt 0:00:05]} 43. Rd4 {[%emt 0:00:02]} Bd5 {[%emt 0:00:03]} 44. Bc7 {[%emt 0:00:05]} Kf6 {[%emt 0:00:08]} 45. Be5+ {[%emt 0:00:02]} Kg6 {[%emt 0:00:02]} 46. Rb4 {[%emt 0:00:01]} Ba2 {[%emt 0:00:03]} 47. Rb7 {[%emt 0:00:03]} 1-0